La Qualitat als serveis domiciliaris : objectiu: millorar la qualitat de les entitats i de les empreses de serveis domiciliaris objectiu:
Publicado:
Barcelona :
Diputació de Barcelona. Àrea de Promoció Econòmica i Ocupació, Elionor ,
2004
Descripción Física:
9 p. ; 21 cm
Otros Autores:
Projecte SERDOM
MARC
| LEADER | 00000nam a2200000Ia 4500 | ||
|---|---|---|---|
| 001 | 20876 | ||
| 008 | 160829s2004 xx 000 0 cat d | ||
| 080 | |a FU-30-49 | ||
| 245 | |a La Qualitat als serveis domiciliaris : |b objectiu: |b millorar la qualitat de les entitats i de les empreses de serveis domiciliaris | ||
| 260 | |a Barcelona : |b Diputació de Barcelona. Àrea de Promoció Econòmica i Ocupació, Elionor, |c 2004 | ||
| 300 | |a 9 p. ; |c 21 cm | ||
| 590 | |a A la coberta: SERDOM, Xarxa Local de Serveis Domiciliaris. | ||
| 590 | |a A la contracoberta: EQual | ||
| 650 | |a Atenció domiciliària |x Control de qualitat |9 24974 | ||
| 650 | |a Atenció domiciliària |x Avaluació |9 41275 | ||
| 700 | |a Projecte SERDOM |9 41276 | ||
| 710 | 1 | |a Barcelona (Catalunya : Província). |b Àrea de Promoció Econòmica i Ocupació |9 17540 | |
| 710 | 2 | |a Elionor (Programa) |9 53919 | |
| 710 | 2 | |a EQual (Programa) |9 55231 | |
| 901 | |a Arxiu | ||
| 942 | |n 1 | ||
| 952 | |0 0 |1 0 |4 0 |6 FU3049 |7 1 |9 50125 |a Arxiu |b Arxiu |d 2016-12-01 |l 0 |o FU-30-49 |p 20876 |r 2016-12-01 00:00:00 |w 2016-12-01 |y ARXIU | ||
| 999 | |c 53967 |d 53967 | ||